000 00429nam a22001817a 4500
003 MPLRDC
005 20220104113731.0
008 210129b ||||| |||| 00| 0 eng d
020 _a962-257-484-X
082 _a848.3 CL v.20
100 _a蔡澜著
245 _a吐金鱼的人
_c
250 _a三版
260 _a
_b天地图书有限公司
_c1991
300 _b
650 _a现代别集
942 _cBK
_o848.3 CL v.20
999 _c1926
_d1916